Autoridades en los Andes, los atributos del Señor

Saved in:
Bibliografiske detaljer
Hovedforfatter: Martínez Cereceda, José Luis (autor)
Format: Bog
Sprog:spansk
Udgivet: Lima Pontificia Universidad Católica del Perú 1995
Udgivelse:1a. ed
Fag:
Tags: Tilføj Tag
Ingen Tags, Vær først til at tagge denne postø!

MARC

LEADER 00000nam a2200000 a 4500
001 UCG2664
003 CL-VaPUC
008 100715e19950100PE |||||||||||||||||spa|d
020 |a 8483909618 
082 0 4 |a 985.01  |b MAR  |2 21 
100 |a Martínez Cereceda, José Luis  |e autor  |9 551189 
245 1 0 |a Autoridades en los Andes, los atributos del Señor 
250 |a 1a. ed 
300 |a 256 p 
942 |c BK 
945 |d 20100715 00:00:00  |a mfarfan 
260 |a Lima  |b Pontificia Universidad Católica del Perú  |c 1995 
650 7 |a INCAS  |2 CL-VaPUC  |9 256565 
650 0 |a Ritos y ceremonias   |9 326995 
651 0 |a Perú  |9 256567 
583 |a last modification  |c 20100715 00:00:00  |k Rodrigo Vera 
999 |c 341794  |d 341792 
952 |0 0  |1 0  |4 0  |6 985_010000000000000_MAR_1995  |7 0  |8 X  |9 437545  |a FDOBUD  |b FDOBUD  |d 2019-11-22  |i 4687175  |o 985.01 MAR 1995  |p 4687175  |r 2019-11-22  |w 2019-11-22  |y BK_X  |k BUD